000
00457nam a2200145Ia 4500
008
100122s9999 xx 000 0 und d
082
_b
25616
_a
823.08
100
_a
गोगटे शकुंतला
245
_a
मृगजळाची तहान
260
_b
राजेश प्रकाशन
_c
1977
300
_a
141
630
_a
मृगजळाची तहान
730
_a
मृगजळाची तहान
942
_c
BOOK
999
_c
412335
_d
412332